000 00334pab a2200145 454500
008 180718b2002 xxu||||| |||| 00| 0 eng d
100 _aJencks, Christopher
245 _aDoes inequality matter?
260 _c2002
300 _ap.49-65
362 _aWinter
650 _aIncome distribution
773 _aDaedalus
909 _a51200
999 _c51200
_d51200